<?xml version="1.0" encoding="UTF-8"?>
<record
    xmlns:xsi="http://www.w3.org/2001/XMLSchema-instance"
    xsi:schemaLocation="http://www.loc.gov/MARC21/slim http://www.loc.gov/standards/marcxml/schema/MARC21slim.xsd"
    xmlns="http://www.loc.gov/MARC21/slim">

  <leader>00868na  a2200277   4500</leader>
  <controlfield tag="001">23848</controlfield>
  <controlfield tag="003">MIRAKIL</controlfield>
  <controlfield tag="005">20181213155321.0</controlfield>
  <controlfield tag="008">180105b        tu            000 0      </controlfield>
  <datafield tag="020" ind1=" " ind2=" ">
    <subfield code="a">9789751959676</subfield>
  </datafield>
  <datafield tag="040" ind1=" " ind2=" ">
    <subfield code="a">Milas</subfield>
    <subfield code="b">tur</subfield>
    <subfield code="c">TR-AnCHP</subfield>
  </datafield>
  <datafield tag="041" ind1=" " ind2=" ">
    <subfield code="a">tur</subfield>
  </datafield>
  <datafield tag="082" ind1=" " ind2=" ">
    <subfield code="a">819.12</subfield>
    <subfield code="b">A48d 2014</subfield>
  </datafield>
  <datafield tag="090" ind1=" " ind2=" ">
    <subfield code="a">819.12 A48d 2014</subfield>
  </datafield>
  <datafield tag="100" ind1=" " ind2=" ">
    <subfield code="a">Alvarl&#x131; Muhammed Lutf&#xEE;</subfield>
    <subfield code="d">1868-1956</subfield>
  </datafield>
  <datafield tag="245" ind1=" " ind2=" ">
    <subfield code="a">Divan-&#x131; ilahiyat</subfield>
    <subfield code="b">se&#xE7;meler</subfield>
    <subfield code="c">Alvarl&#x131; Muhammed Lutf&#xEE; ; haz&#x131;rlayan Bilal Kemikli</subfield>
  </datafield>
  <datafield tag="260" ind1=" " ind2=" ">
    <subfield code="a">Ankara</subfield>
    <subfield code="b">Diyanet &#x130;&#x15F;leri Ba&#x15F;kanl&#x131;&#x11F;&#x131; (D&#x130;B)</subfield>
    <subfield code="c">2014</subfield>
  </datafield>
  <datafield tag="300" ind1=" " ind2=" ">
    <subfield code="a">172 s.</subfield>
    <subfield code="c">17 sm.</subfield>
  </datafield>
  <datafield tag="440" ind1=" " ind2=" ">
    <subfield code="a">Diyanet &#x130;&#x15F;leri Ba&#x15F;kanl&#x131;&#x11F;&#x131; Yay&#x131;nlar&#x131; </subfield>
    <subfield code="v">1002</subfield>
  </datafield>
  <datafield tag="490" ind1=" " ind2=" ">
    <subfield code="a">Edebi eserler</subfield>
    <subfield code="v">31</subfield>
  </datafield>
  <datafield tag="504" ind1=" " ind2=" ">
    <subfield code="a">Kaynak&#xE7;a var.</subfield>
  </datafield>
  <datafield tag="650" ind1=" " ind2=" ">
    <subfield code="a">Edebiyat</subfield>
    <subfield code="x">Divan &#x15F;iiri</subfield>
  </datafield>
  <datafield tag="700" ind1=" " ind2=" ">
    <subfield code="a">Kemikli, Bilal</subfield>
    <subfield code="e">haz.</subfield>
  </datafield>
  <datafield tag="710" ind1=" " ind2=" ">
    <subfield code="a">Diyanet &#x130;&#x15F;leri Ba&#x15F;kanl&#x131;&#x11F;&#x131; (D&#x130;B)</subfield>
  </datafield>
  <datafield tag="942" ind1=" " ind2=" ">
    <subfield code="2">ddc</subfield>
    <subfield code="c">BKS</subfield>
  </datafield>
  <datafield tag="952" ind1=" " ind2=" ">
    <subfield code="a">0001</subfield>
    <subfield code="b">0001</subfield>
    <subfield code="d">2018-01-05</subfield>
    <subfield code="e">2</subfield>
    <subfield code="l">0</subfield>
    <subfield code="o">819.12 A48d 2014</subfield>
    <subfield code="p">017826</subfield>
    <subfield code="r">2018-01-05 00:00:00</subfield>
    <subfield code="v">0.00</subfield>
    <subfield code="w">2018-01-05</subfield>
    <subfield code="y">BKS</subfield>
  </datafield>
  <datafield tag="952" ind1=" " ind2=" ">
    <subfield code="a">0001</subfield>
    <subfield code="b">0001</subfield>
    <subfield code="d">2018-01-05</subfield>
    <subfield code="e">2</subfield>
    <subfield code="l">0</subfield>
    <subfield code="o">819.12 A48d 2014</subfield>
    <subfield code="p">017832</subfield>
    <subfield code="r">2018-01-05 00:00:00</subfield>
    <subfield code="t">k.2</subfield>
    <subfield code="v">0.00</subfield>
    <subfield code="w">2018-01-05</subfield>
    <subfield code="y">BKS</subfield>
  </datafield>
  <datafield tag="952" ind1=" " ind2=" ">
    <subfield code="a">0002</subfield>
    <subfield code="b">0002</subfield>
    <subfield code="d">2024-03-07</subfield>
    <subfield code="l">0</subfield>
    <subfield code="o">819.12 A48d 2014</subfield>
    <subfield code="p">21465</subfield>
    <subfield code="r">2024-03-07 00:00:00</subfield>
    <subfield code="w">2024-03-07</subfield>
    <subfield code="y">BKS</subfield>
  </datafield>
  <datafield tag="999" ind1=" " ind2=" ">
    <subfield code="c">10425</subfield>
    <subfield code="d">10425</subfield>
  </datafield>
</record>
